[Event "Torredembarra op 21st"]
[Site "Torredembarra"]
[Date "2019.07.10"]
[Round "5"]
[White "Sirera Bargallo, Tomas"]
[Black "Mateos Rozas, Miguel Angel"]
[Result "1-0"]
[WhiteElo "2115"]
[BlackElo "2194"]
[PlyCount "101"]
[EventDate "2019.07.06"]
[EventType "swiss"]
[EventRounds "9"]
[EventCountry "ESP"]
[SourceTitle "CBM 191 Extra"]
[Source "ChessBase"]
[SourceDate "2019.09.30"]
[SourceVersion "1"]
[SourceVersionDate "2019.09.30"]
[SourceQuality "1"]

1. e4 c5 2. Nf3 Nc6 3. d4 cxd4 4. Nxd4 g6 5. c4 Bg7 6. Be3 Nf6 7. Nc3 Ng4 8. Qxg4 Nxd4 9. Qd1 Ne6 10. Rc1 0-0 11. Be2 d6 12. 0-0 Bd7 13. f3 Bc6 14. Qd2 a5 15. b3 Nc5 16. Rc2 Qb6 17. Rb1 Qc7 18. Nd5 Bxd5 19. cxd5 Rfc8 20. Bb5 h5 21. Rbc1 Kh7 22. a3 Qd8 23. b4 axb4 24. axb4 Na6 25. Rxc8 Rxc8 26. Bxa6 bxa6 27. Rc6 Qd7 28. Qc2 Rb8 29. Qc4 Qb7 30. Bb6 Bf6 31. g3 Qd7 32. Kg2 Ra8 33. Bf2 Qb7 34. Rb6 Qc8 35. Qc6 Bc3 36. Qxc8 Rxc8 37. Rc6 Rb8 38. Rxc3 Rxb4 39. Rc7 Kg7 40. Rxe7 a5 41. Rd7 Kf6 42. Rxd6+ Ke5 43. Rd7 f5 44. Re7+ Kf6 45. Re6+ Kf7 46. Rb6 Rc4 47. e5 a4 48. Rb7+ Kf8 49. Ra7 g5 50. e6 Rc2 51. d6 1-0

[Event "Torredembarra op 21st"]
[Site "Torredembarra"]
[Date "2019.07.06"]
[Round "1"]
[White "Sirera Bargallo, Tomas"]
[Black "Krivenko, Dion"]
[Result "1/2-1/2"]
[WhiteElo "2115"]
[BlackElo "1700"]
[PlyCount "71"]
[EventDate "2019.07.06"]
[EventType "swiss"]
[EventRounds "9"]
[EventCountry "ESP"]
[SourceTitle "CBM 191 Extra"]
[Source "ChessBase"]
[SourceDate "2019.09.30"]
[SourceVersion "1"]
[SourceVersionDate "2019.09.30"]
[SourceQuality "1"]

1. e4 c5 2. Nf3 Nc6 3. d3 g6 4. g3 Bg7 5. Bg2 e6 6. 0-0 Nge7 7. c3 0-0 8. Be3 b6 9. d4 cxd4 10. Nxd4 Bb7 11. Nb5 d5 12. Bf4 Ne5 13. Bxe5 Bxe5 14. f4 Bg7 15. e5 Nf5 16. Qd3 Ba6 17. a4 Qe7 18. Kh1 Rac8 19. N1a3 Rfd8 20. Nc2 f6 21. Rfe1 fxe5 22. fxe5 Qg5 23. Nb4 Bxb5 24. axb5 Rc7 25. Nc6 Rdd7 26. Bh3 Kh8 27. Bxf5 gxf5 28. Qe3 Qg6 29. Ra4 Bh6 30. Qf3 Rg7 31. Rea1 f4 32. gxf4 Rcf7 33. Rxa7 Rxf4 34. Ra8+ Rg8 35. Rxg8+ Kxg8 36. Ra8+ 1/2-1/2

[Event "Vilafranca del Penedes op 13th"]
[Site "Vilafranca del Penedes"]
[Date "2019.05.31"]
[Round "8"]
[White "Sirera Bargallo, Tomas"]
[Black "Galan Gonzalez, Francesco"]
[Result "1/2-1/2"]
[WhiteElo "2062"]
[BlackElo "1956"]
[PlyCount "97"]
[EventDate "2019.03.29"]
[EventType "swiss"]
[EventRounds "9"]
[EventCountry "ESP"]
[SourceTitle "CBM 190 Extra"]
[Source "ChessBase"]
[SourceDate "2019.07.15"]
[SourceVersion "1"]
[SourceVersionDate "2019.07.15"]
[SourceQuality "1"]

1. e4 c6 2. d3 e5 3. Nd2 d5 4. Ngf3 Bd6 5. g3 Nf6 6. Bg2 0-0 7. 0-0 Be6 8. b3 h6 9. Bb2 d4 10. c3 c5 11. cxd4 cxd4 12. Nc4 Bxc4 13. bxc4 Nc6 14. Nh4 Ne7 15. Rb1 g5 16. Nf5 Nxf5 17. exf5 Rb8 18. Qa4 Qd7 19. Qxa7 Qxf5 20. Qb6 Rfd8 21. Qb3 Nd7 22. Ba3 Bxa3 23. Qxa3 Ra8 24. Qe7 Re8 25. Qd6 Qe6 26. Qxe6 Rxe6 27. Rxb7 Nf6 28. c5 e4 29. dxe4 Rxa2 30. c6 Rc2 31. c7 Re8 32. e5 Rxe5 33. Rd1 Rec5 34. Rxd4 Rxc7 35. Rb6 Rc1+ 36. Bf1 R7c6 37. Rb8+ Rc8 38. Rdb4 Kg7 39. Rxc8 Rxc8 40. Rb7 Rd8 41. Bb5 Ne8 42. Bxe8 Rxe8 43. Kg2 Kg6 44. Rb6+ f6 45. h4 gxh4 46. gxh4 h5 47. Kg3 Re4 48. f3 Rc4 49. Rb5 1/2-1/2

[Event "Martorell op 36th"]
[Site "Martorell"]
[Date "2018.11.17"]
[Round "9"]
[White "Sirera Bargallo, Tomas"]
[Black "Draghici Flutur, Gavril"]
[Result "1-0"]
[WhiteElo "2048"]
[BlackElo "2060"]
[PlyCount "109"]
[EventDate "2018.09.15"]
[EventType "swiss"]
[EventRounds "9"]
[EventCountry "ESP"]
[SourceTitle "CBM 189 Extra"]
[Source "ChessBase"]
[SourceDate "2019.06.03"]
[SourceVersion "1"]
[SourceVersionDate "2019.06.03"]
[SourceQuality "1"]

1. e4 c5 2. Nc3 Nc6 3. a3 g6 4. Bc4 Bg7 5. d3 e6 6. Ba2 Nge7 7. h4 Nd4 8. h5 Nec6 9. Nge2 d6 10. Rb1 a5 11. Be3 Bd7 12. Qd2 b5 13. Nd1 b4 14. Bc4 Qb6 15. axb4 Nxb4 16. c3 Nbc2+ 17. Kf1 Nxe3+ 18. Qxe3 Nxe2 19. Qxe2 0-0 20. Kg1 g5 21. h6 Bf6 22. Qf3 Qd8 23. Ne3 Kh8 24. Ng4 Be7 25. e5 d5 26. Bb3 a4 27. Bc2 d4 28. Rh5 Ra6 29. Qb7 Bc8 30. Qb5 Ra5 31. Qb8 Qd5 32. Nf6 Qc6 33. c4 Ra8 34. Qb5 Qc7 35. Bxa4 Rb8 36. Qc6 Qxe5 37. Nd7 Bxd7 38. Qxd7 Bd6 39. Kf1 Rbd8 40. Qb7 Qf5 41. Qf3 Qg6 42. Rh1 g4 43. Qe2 f5 44. Re1 e5 45. Bc6 Rb8 46. g3 Qg5 47. Ra1 Rf6 48. Bb5 Rxh6 49. Rxh6 Qxh6 50. Kg1 Qg5 51. Ra6 Qe7 52. Bc6 h5 53. Bd5 Kg7 54. Qe1 Rxb2 55. Qa1 1-0

[Event "Torredembarra op 20th"]
[Site "Torredembarra"]
[Date "2018.07.04"]
[Round "5"]
[White "Gonzalez Rodriguez, Jorge Armando"]
[Black "Sirera Bargallo, Tomas"]
[Result "1-0"]
[WhiteElo "2285"]
[BlackElo "2032"]
[PlyCount "69"]
[EventDate "2018.06.30"]
[EventType "swiss"]
[EventRounds "9"]
[EventCountry "ESP"]
[SourceTitle "CBM 185 Extra"]
[Source "ChessBase"]
[SourceDate "2018.07.29"]
[SourceVersion "1"]
[SourceVersionDate "2018.07.29"]
[SourceQuality "1"]

1. b3 e5 2. Bb2 d6 3. e3 Nf6 4. c4 g6 5. d4 e4 6. d5 Bg7 7. Nc3 0-0 8. Nge2 Re8 9. h3 h5 10. Qc2 c5 11. dxc6 bxc6 12. 0-0-0 h4 13. Qd2 d5 14. cxd5 cxd5 15. Nf4 Qc7 16. Kb1 Bb7 17. Ncxd5 Nxd5 18. Nxd5 Bxd5 19. Bxg7 Bxb3 20. Rc1 Qe7 21. Bb2 Be6 22. Qd4 f6 23. Qxf6 Qxf6 24. Bxf6 Nd7 25. Bxh4 Rab8+ 26. Ka1 Rb4 27. Bg3 Nb6 28. Rc2 Rd8 29. Be2 Nc4 30. Rd1 Rxd1+ 31. Bxd1 Na3 32. Rb2 Rxb2 33. Kxb2 Nc4+ 34. Kc3 Nb6 35. Bb3 1-0

[Event "Martorell op 35th"]
[Site "Martorell"]
[Date "2017.11.18"]
[Round "9"]
[White "Sirera Bargallo, Tomas"]
[Black "Gual Pascual, Antonio"]
[Result "0-1"]
[WhiteElo "2061"]
[BlackElo "2392"]
[PlyCount "70"]
[EventDate "2017.09.16"]
[EventType "swiss"]
[EventRounds "9"]
[EventCountry "ESP"]
[SourceTitle "CBM 189 Extra"]
[Source "ChessBase"]
[SourceDate "2019.06.03"]
[SourceVersion "1"]
[SourceVersionDate "2019.06.03"]
[SourceQuality "1"]

1. e4 g6 2. d4 Bg7 3. Nc3 d6 4. f4 a6 5. Nf3 Nd7 6. Be3 e6 7. Qd2 Ne7 8. e5 b5 9. Bd3 Bb7 10. 0-0 Nb6 11. a4 Nc4 12. Qc1 Nxe3 13. Qxe3 b4 14. Ne4 0-0 15. c3 a5 16. g4 Qd7 17. g5 Bxe4 18. Bxe4 Rab8 19. Ne1 bxc3 20. bxc3 c5 21. Rf3 cxd4 22. cxd4 Rb4 23. Nc2 Rxa4 24. Rxa4 Qxa4 25. Rh3 d5 26. Bd3 Rb8 27. Qe1 Rb3 28. Qd1 Nc6 29. Bf1 Rxh3 30. Bxh3 Nxd4 31. Qxd4 Qxc2 32. Qb6 Bf8 33. Qa6 a4 34. Bxe6 Bc5+ 35. Kh1 Qe4# 0-1

[Event "Martorell op 34th"]
[Site "Martorell"]
[Date "2016.11.19"]
[Round "9"]
[White "Sirera Bargallo, Tomas"]
[Black "Gual Pascual, Antonio"]
[Result "1/2-1/2"]
[WhiteElo "2022"]
[BlackElo "2397"]
[PlyCount "54"]
[EventDate "2016.09.17"]
[EventType "swiss"]
[EventRounds "9"]
[EventCountry "ESP"]
[SourceTitle "EXT 2018"]
[Source "ChessBase"]
[SourceDate "2017.10.13"]
[SourceVersion "1"]
[SourceVersionDate "2017.10.13"]
[SourceQuality "1"]

1. Nf3 g6 2. g3 Bg7 3. Bg2 e5 4. d3 d6 5. 0-0 f5 6. e4 Nc6 7. c3 Nf6 8. Re1 0-0 9. b4 Kh8 10. b5 Ne7 11. Bb2 a6 12. a4 axb5 13. axb5 Rxa1 14. Bxa1 fxe4 15. dxe4 b6 16. c4 Be6 17. Qd3 Nd7 18. Ng5 Bg8 19. Nc3 Nc5 20. Qe2 h6 21. Nf3 Be6 22. Nd5 Nxd5 23. cxd5 Bd7 24. Bc3 Qe8 25. Rb1 Qf7 26. Nd2 Ra8 27. Nb3 Na4 1/2-1/2

[Event "Torredembarra op 18th"]
[Site "Torredembarra"]
[Date "2016.07.09"]
[Round "8"]
[White "Villuendas Valero, Adrian"]
[Black "Sirera Bargallo, Tomas"]
[Result "1-0"]
[WhiteElo "2343"]
[BlackElo "2003"]
[PlyCount "55"]
[EventDate "2016.07.02"]
[EventType "swiss"]
[EventRounds "9"]
[EventCountry "ESP"]
[SourceTitle "CBM 173 Extra"]
[Source "ChessBase"]
[SourceDate "2016.08.29"]
[SourceVersion "1"]
[SourceVersionDate "2016.08.29"]
[SourceQuality "1"]

1. d4 d6 2. e4 Nf6 3. Nc3 Nbd7 4. Nf3 e5 5. Bc4 h6 6. 0-0 Be7 7. h3 c6 8. a4 Qc7 9. Re1 g5 10. Nh2 Nf8 11. Ng4 Nxg4 12. hxg4 Ng6 13. d5 Kf8 14. b3 Kg7 15. g3 Nf8 16. Qf3 c5 17. Nd1 h5 18. gxh5 g4 19. h6+ Kg6 20. Qe2 Bg5 21. Ne3 Bxe3 22. Bxe3 Nh7 23. Kg2 Qe7 24. Rh1 Bd7 25. Bb5 Bc8 26. Rh4 Ng5 27. Rah1 Nf3 28. Rh5 1-0

[Event "Martorell op 23rd"]
[Site "Martorell"]
[Date "2015.09.26"]
[Round "2"]
[White "Sirera Bargallo, Tomas"]
[Black "Gonzalez Perez, Arian"]
[Result "0-1"]
[WhiteElo "2217"]
[BlackElo "2538"]
[PlyCount "60"]
[EventDate "2015.09.19"]
[EventType "swiss"]
[EventRounds "8"]
[EventCountry "ESP"]
[SourceTitle "EXT 2017"]
[Source "ChessBase"]
[SourceDate "2016.10.25"]
[SourceVersion "1"]
[SourceVersionDate "2016.10.25"]
[SourceQuality "1"]

1. e4 c5 2. Nf3 d6 3. g3 Nf6 4. d3 g6 5. Bg2 Bg7 6. 0-0 Nc6 7. c3 0-0 8. Re1 e5 9. a3 d5 10. Nbd2 Re8 11. b4 cxb4 12. axb4 d4 13. cxd4 Nxd4 14. Bb2 Nc6 15. Qa4 a5 16. Ba3 Qxd3 17. b5 Nd4 18. Nxd4 Qxd2 19. Nb3 Qh6 20. Red1 Bh3 21. Rd6 Ng4 22. Bc1 Qh5 23. Bf3 Rec8 24. Bd2 Bf8 25. Rb6 Rc7 26. Rc1 Rd7 27. Be3 Bh6 28. Bxh6 Qxh6 29. Rc3 Rad8 30. Nxa5 Qd2 0-1